[Event "Toronto NAYCC U14"]
[Site "Toronto"]
[Date "2013.08.16"]
[Round "4"]
[White "Karp, Eli M"]
[Black "Yu, Wenlu"]
[Result "1-0"]
[WhiteElo "1843"]
[BlackElo "2002"]
[PlyCount "73"]
[EventDate "2013.08.14"]
[EventType "swiss"]
[EventRounds "9"]
[EventCountry "CAN"]
[SourceTitle "EXT 2022"]
[Source "ChessBase"]
[SourceDate "2021.10.06"]
[SourceVersion "1"]
[SourceVersionDate "2021.10.06"]
[SourceQuality "1"]

1. d4 Nf6 2. Nf3 g6 3. Bf4 Bg7 4. h3 0-0 5. e3 d5 6. Bd3 c5 7. c3 c4 8. Bc2 Nc6 9. Nbd2 b5 10. Ne5 Nxe5 11. Bxe5 Nd7 12. Bxg7 Kxg7 13. Nf3 Bb7 14. h4 h5 15. Ng5 Nf6 16. Qe2 Re8 17. 0-0-0 a5 18. f3 Bc6 19. g4 Qd7 20. gxh5 Nxh5 21. Rdg1 Rg8 22. f4 b4 23. Nxf7 Nxf4 24. exf4 Kxf7 25. f5 bxc3 26. fxg6+ Ke8 27. bxc3 Qd6 28. h5 Rb8 29. h6 Qa3+ 30. Kd2 Rb2 31. Rc1 Ba4 32. h7 Rf8 33. g7 Bxc2 34. gxf8Q+ Kd7 35. Qexe7+ Qxe7 36. Qxe7+ Kxe7 37. Rxc2 1-0

[Event "Toronto NAYCC U14"]
[Site "Toronto"]
[Date "2013.08.15"]
[Round "3"]
[White "Huang, Patrick"]
[Black "Karp, Eli M"]
[Result "0-1"]
[WhiteElo "1632"]
[BlackElo "1843"]
[PlyCount "74"]
[EventDate "2013.08.14"]
[EventType "swiss"]
[EventRounds "9"]
[EventCountry "CAN"]
[SourceTitle "EXT 2022"]
[Source "ChessBase"]
[SourceDate "2021.10.06"]
[SourceVersion "1"]
[SourceVersionDate "2021.10.06"]
[SourceQuality "1"]

1. d4 Nf6 2. c4 c5 3. d5 e6 4. Nc3 exd5 5. cxd5 d6 6. e4 g6 7. f4 Bg7 8. Bb5+ Bd7 9. e5 dxe5 10. fxe5 Qe7 11. Nf3 0-0 12. 0-0 Ng4 13. e6 fxe6 14. Qe2 Bxc3 15. Bxd7 Qxd7 16. bxc3 exd5 17. h3 Nf6 18. Bh6 Re8 19. Ne5 Qe6 20. Rae1 Nc6 21. Ng4 Qxe2 22. Nxf6+ Kh8 23. Nxe8 Qxe8 24. Rxe8+ Rxe8 25. Rf7 Rb8 26. Kf2 d4 27. cxd4 Nxd4 28. Rc7 Nc6 29. Ke2 Nd4+ 30. Kd3 Rd8 31. Kc4 b5+ 32. Kc3 Nf5 33. Bg5 b4+ 34. Kc4 Nd6+ 35. Kb3 c4+ 36. Kxb4 Rb8+ 37. Ka5 Rb5+ 0-1